000 00470nam a2200181Ia 4500
003 GCL
008 140319s9999 xx 000 0 eng d
040 _aGCL /
_cGCL
082 0 4 _a843
_bR N
100 1 _aROUSSEAU, JEAN JACQUES
245 1 0 _aLA NOUVELLE HELOISE I /
_cROUSSEAU, JEAN JACQUES
260 _a[S.N] :
_bGALLIMARD ،
_c1993
300 _a549 P
490 _aCOLLECTION FOLIO
_v0
650 0 4 _aLITERATURE
650 0 4 _aFRENCH LITERATURE
942 _2ddc
_cBK
999 _c23096
_d23096